Cartas a Yulca: 1922-1937

שמור ב:
מידע ביבליוגרפי
מחבר ראשי: Gramsci, Antonio (Author)
פורמט: ספר
שפה:ספרדית
יצא לאור: Barcelona Crítica 1989
סדרה:Serie General. Estudios y Ensayos, 196
נושאים:
תגים: הוספת תג
אין תגיות, היה/י הראשונ/ה לתייג את הרשומה!

MARC

LEADER 00000nam a2200000 a 4500
001 UCL2538
003 CL-VaPUC
008 031024e19890000SP |||||||||||||||||spa|d
020 |a 8474233976 
082 0 4 |a 856  |b GRA  |2 21 
100 0 |a Gramsci, Antonio  |e author  |9 310178 
245 1 0 |a Cartas a Yulca: 1922-1937 
300 |a 219 p 
942 |c BK 
945 |d 20031024 00:00:00  |a cmena 
260 |a Barcelona  |b Crítica  |c 1989 
650 7 |a EPISTOLAS ITALIANAS  |2 CL-VaPUC  |9 479657 
650 0 |a Literatura italiana  |9 266970 
583 |a last modification  |c 20031024 00:00:00  |k Rodrigo Vera 
490 0 |a Serie General. Estudios y Ensayos, 196 
999 |c 305835  |d 305833 
952 |0 0  |1 0  |4 0  |6 856_000000000000000_GRA_1989  |7 0  |8 A  |9 370305  |a BIBHIS  |b BIBHIS  |d 2019-11-21  |i 3951715  |o 856 GRA 1989  |p 3951715  |r 2025-01-20  |w 2019-11-21  |y BK  |k HIS